[Event "La Paz Casa Argentina op"]
[Site "La Paz"]
[Date "2023.07.06"]
[Round "2"]
[White "Monroy Carrizo, Javier"]
[Black "Kilibarda Acebey, Veroska Isabela"]
[Result "1-0"]
[WhiteElo "1794"]
[BlackElo "1377"]
[PlyCount "99"]
[EventDate "2023.07.06"]
[EventType "swiss"]
[EventRounds "7"]
[EventCountry "BOL"]
[SourceTitle "CBM 215 Extra"]
[Source "ChessBase"]
[SourceDate "2023.09.30"]
[SourceVersion "1"]
[SourceVersionDate "2023.09.30"]
[SourceQuality "1"]

1. d4 Nf6 2. Nf3 e6 3. g3 b5 4. Bg2 Bb7 5. 0-0 Be7 6. Nbd2 0-0 7. c4 a6 8. b3 c5 9. e3 d5 10. Ne5 Nbd7 11. Bb2 Qc7 12. cxd5 Nxd5 13. Nxd7 Qxd7 14. dxc5 Bxc5 15. Nf3 Qe7 16. Ne5 Rfd8 17. Qh5 Nf6 18. Qh4 Bxg2 19. Kxg2 Qb7+ 20. Kg1 Qe4 21. Qxe4 Nxe4 22. Rfd1 Rd2 23. Rxd2 Nxd2 24. Rd1 Rd8 25. Kg2 Rd5 26. Rc1 h6 27. Nc6 Ne4 28. Kf3 f5 29. Bd4 g5 30. Ke2 Bxd4 31. Ne7+ Kf7 32. Nxd5 exd5 33. exd4 a5 34. f3 Nd6 35. Rc7+ Ke6 36. Ra7 h5 37. Rxa5 f4 38. gxf4 gxf4 39. Ra6 Ke7 40. Ra7+ Kf6 41. Rd7 Ke6 42. Rh7 Nf5 43. Kd3 Nh4 44. Rh6+ Kf7 45. Rxh5 Nxf3 46. Rxd5 Kg6 47. Ke4 Nxh2 48. Kxf4 b4 49. Rg5+ Kf6 50. Rg1 1-0

[Event "Cochabamba op 6th"]
[Site "Cochabamba"]
[Date "2023.03.04"]
[Round "5"]
[White "Molina, Ruben"]
[Black "Kilibarda Acebey, Veroska Isabela"]
[Result "1-0"]
[WhiteElo "1817"]
[BlackElo "1391"]
[PlyCount "101"]
[EventDate "2023.03.02"]
[EventType "swiss"]
[EventRounds "7"]
[EventCountry "BOL"]
[SourceTitle "CBM 213 Extra"]
[Source "ChessBase"]
[SourceDate "2023.05.31"]
[SourceVersion "1"]
[SourceVersionDate "2023.05.31"]
[SourceQuality "1"]

1. d4 Nf6 2. Nf3 g6 3. g3 Bg7 4. Bg2 0-0 5. 0-0 d5 6. b3 Bf5 7. Bb2 c6 8. Nbd2 Nbd7 9. Nh4 Be6 10. e3 Qc7 11. Rc1 b6 12. f4 Bg4 13. Qe1 Ne8 14. Ba3 Ndf6 15. c4 Qd7 16. Nhf3 Bxf3 17. Nxf3 Nd6 18. Ne5 Qb7 19. Rc2 Rac8 20. Bh3 Rc7 21. Qc1 dxc4 22. bxc4 Rd8 23. Bg2 Nd7 24. Rd1 Nxe5 25. dxe5 Rcd7 26. exd6 exd6 27. Rcd2 Qc7 28. Bh3 f5 29. e4 c5 30. exf5 gxf5 31. Bxf5 Re7 32. Bb2 Qc6 33. Bxg7 Rxg7 34. Rd5 Re7 35. Qd2 b5 36. Rxd6 Rxd6 37. Qxd6 Qxd6 38. Rxd6 bxc4 39. Rc6 Re1+ 40. Kf2 Ra1 41. Rxc5 Rxa2+ 42. Kf3 Ra3+ 43. Kg4 c3 44. Rc8+ Kg7 45. Rc7+ Kg8 46. Bxh7+ Kh8 47. Bc2 a5 48. f5 a4 49. f6 Ra1 50. Bg6 a3 51. Rc8# 1-0

[Event "BOL-ch (Women)"]
[Site "Santa Cruz"]
[Date "2022.05.21"]
[Round "5"]
[White "Kilibarda Acebey, Veroska Isabela"]
[Black "Cordero, Daniela"]
[Result "0-1"]
[WhiteElo "1229"]
[BlackElo "2037"]
[PlyCount "102"]
[EventDate "2022.05.19"]
[EventType "tourn"]
[EventRounds "7"]
[EventCountry "BOL"]
[SourceTitle "EXT 2023"]
[Source "ChessBase"]
[SourceDate "2022.10.05"]
[SourceVersion "1"]
[SourceVersionDate "2022.10.05"]
[SourceQuality "1"]

1. e4 e6 2. d4 d5 3. Nc3 dxe4 4. Nxe4 Nf6 5. Bd3 Nbd7 6. c3 c5 7. dxc5 Nxc5 8. Nxc5 Bxc5 9. Bb5+ Bd7 10. Bxd7+ Nxd7 11. Nf3 0-0 12. 0-0 Qc7 13. Qe2 e5 14. Be3 Be7 15. Rad1 Rad8 16. Qc2 h6 17. Rfe1 Rfe8 18. Bc1 Bc5 19. Be3 e4 20. Nd4 Nf6 21. b4 Bb6 22. Nb5 Qe5 23. Rxd8 Rxd8 24. Bxb6 axb6 25. Nd4 Rc8 26. Qd2 Ng4 27. f4 e3 28. Qd3 Qxf4 29. Nf3 Re8 30. Re2 Re6 31. Qd8+ Kh7 32. Qd3+ g6 33. Qd4 Qf5 34. Qd1 Qe4 35. Qe1 f5 36. Nd4 Re7 37. h3 Nf6 38. Nf3 Nd5 39. Nd4 Nf4 40. Nc2 Nxe2+ 41. Qxe2 f4 42. Nd4 Qb1+ 43. Kh2 Qc1 44. Qg4 Qxc3 45. Nf3 e2 46. Qh4 e1Q 47. Nxe1 Qxe1 48. Qxf4 Qe5 49. Kg3 Qxf4+ 50. Kxf4 Re2 51. a4 Ra2 0-1

[Event "BOL-ch (Women)"]
[Site "Santa Cruz"]
[Date "2022.05.20"]
[Round "3"]
[White "Kilibarda Acebey, Veroska Isabela"]
[Black "Coro, Soledad"]
[Result "0-1"]
[WhiteElo "1229"]
[BlackElo "1713"]
[PlyCount "94"]
[EventDate "2022.05.19"]
[EventType "tourn"]
[EventRounds "7"]
[EventCountry "BOL"]
[SourceTitle "EXT 2023"]
[Source "ChessBase"]
[SourceDate "2022.10.05"]
[SourceVersion "1"]
[SourceVersionDate "2022.10.05"]
[SourceQuality "1"]

1. e4 e5 2. Nf3 Nf6 3. d4 Nxe4 4. Bd3 d5 5. Nxe5 Bd6 6. 0-0 0-0 7. Nf3 Nc6 8. Nbd2 Re8 9. Re1 Bf5 10. Nf1 Nb4 11. Ne3 Bg6 12. a3 Nxd3 13. cxd3 Nf6 14. h3 c6 15. Nf1 Qc7 16. Bg5 Nd7 17. Qc2 f6 18. Bh4 Bf4 19. Qc3 Nf8 20. Bg3 Ne6 21. Bxf4 Nxf4 22. Ng3 Nxd3 23. Rxe8+ Rxe8 24. Rd1 Nf4 25. Re1 Be4 26. Nxe4 dxe4 27. Nd2 f5 28. Qb3+ Nd5 29. Nf1 f4 30. f3 e3 31. Re2 Kh8 32. Nh2 h5 33. Qd3 Qf7 34. b4 Nc7 35. Nf1 Nd5 36. Kh1 Qf6 37. Nd2 Ne7 38. Ne4 Qg6 39. Qc3 Nf5 40. Re1 Rd8 41. Rd1 e2 42. Re1 Nxd4 43. Qd3 Rd5 44. Qc3 h4 45. Qc1 Qf5 46. Nc3 Re5 47. Qd2 Nxf3 0-1

[Event "Amazons Pride Blitz"]
[Site "Chess.com INT"]
[Date "2021.10.23"]
[Round "9"]
[White "Kilibarda Acebey, Veroska Isabela"]
[Black "Maklakova, Nellija"]
[Result "0-1"]
[WhiteElo "1250"]
[BlackElo "1804"]
[PlyCount "54"]
[EventDate "2021.10.23"]
[EventType "swiss (blitz)"]
[EventRounds "9"]
[EventCountry "USA"]
[SourceTitle "CBM 204 Extra"]
[Source "ChessBase"]
[SourceDate "2021.11.30"]
[SourceVersion "1"]
[SourceVersionDate "2021.11.30"]
[SourceQuality "1"]

1. e4 e5 2. Nf3 Nc6 3. Bc4 Be7 4. 0-0 Nf6 5. d3 0-0 6. c3 d6 7. h3 Be6 8. Bxe6 fxe6 9. Be3 d5 10. exd5 exd5 11. d4 e4 12. Ng5 Qd7 13. Nd2 h6 14. Ngf3 exf3 15. Nxf3 Ne4 16. Qc1 Rf6 17. Nd2 Raf8 18. Nxe4 dxe4 19. Qc2 Qf5 20. Qb3+ Kh7 21. Qxb7 Rg6 22. Kh2 Bd6+ 23. g3 Ne7 24. Qb3 Qf3 25. Qd1 Bxg3+ 26. fxg3 Qxg3+ 27. Kh1 Qg2# 0-1

[Event "Amazons Pride Blitz"]
[Site "Chess.com INT"]
[Date "2021.10.23"]
[Round "5"]
[White "Kilibarda Acebey, Veroska Isabela"]
[Black "Navrotescu, Andreea Cristiana"]
[Result "0-1"]
[WhiteElo "1250"]
[BlackElo "2203"]
[PlyCount "58"]
[EventDate "2021.10.23"]
[EventType "swiss (blitz)"]
[EventRounds "9"]
[EventCountry "USA"]
[SourceTitle "CBM 204 Extra"]
[Source "ChessBase"]
[SourceDate "2021.11.30"]
[SourceVersion "1"]
[SourceVersionDate "2021.11.30"]
[SourceQuality "1"]

1. e4 c5 2. Nc3 Nc6 3. f4 g6 4. Nf3 Bg7 5. Bc4 e6 6. f5 a6 7. a3 b5 8. Ba2 Nge7 9. 0-0 d5 10. exd5 exd5 11. fxg6 hxg6 12. Re1 Be6 13. Ng5 Nd4 14. Nxe6 Nxe6 15. Qf3 Bd4+ 16. Kh1 Qd6 17. g3 0-0-0 18. d3 Nf5 19. Kg2 Rh7 20. Bxd5 Rdh8 21. h4 Rxh4 22. Bb7+ Kc7 23. Bf4 Rh2+ 24. Kf1 Nxf4 25. Qxf4 Nxg3+ 26. Qxg3 Qxg3 27. Nd5+ Kxb7 28. Re7+ Kc6 29. Rxf7 Qg1# 0-1

[Event "Amazons Pride Blitz"]
[Site "Chess.com INT"]
[Date "2021.10.23"]
[Round "4"]
[White "Kilibarda Acebey, Veroska Isabela"]
[Black "Porozhniak, Maya"]
[Result "0-1"]
[WhiteElo "1250"]
[BlackElo "1919"]
[PlyCount "148"]
[EventDate "2021.10.23"]
[EventType "swiss (blitz)"]
[EventRounds "9"]
[EventCountry "USA"]
[SourceTitle "CBM 204 Extra"]
[Source "ChessBase"]
[SourceDate "2021.11.30"]
[SourceVersion "1"]
[SourceVersionDate "2021.11.30"]
[SourceQuality "1"]

1. e4 c5 2. Nf3 e6 3. c3 d5 4. exd5 Qxd5 5. d4 b6 6. Be2 Bb7 7. 0-0 Nd7 8. Re1 Ngf6 9. Nbd2 Be7 10. Bc4 Qh5 11. Ne5 Qxd1 12. Rxd1 cxd4 13. cxd4 Nxe5 14. dxe5 Ng4 15. Bb5+ Kf8 16. Re1 Bc5 17. Re2 a6 18. Ba4 b5 19. Bb3 Bd4 20. Nf3 Bxf3 21. gxf3 Nxe5 22. Kg2 Ng6 23. Rb1 Ke7 24. Bd2 Rac8 25. Bb4+ Kf6 26. Rd2 Nf4+ 27. Kg3 Be5 28. Bc3 Ne2+ 29. Kg2 Nxc3 30. bxc3 Bxc3 31. Rd3 b4 32. Rbd1 Rc5 33. Rd6 a5 34. R1d3 Rhc8 35. Kf1 Rh5 36. Kg2 Rcc5 37. h3 Rhg5+ 38. Kf1 Rh5 39. Kg2 Rcg5+ 40. Kf1 Rxh3 41. f4 Rgh5 42. Rxh3 Rxh3 43. Ke2 Rh5 44. Rd3 Rc5 45. Rf3 h5 46. Kf1 g6 47. Kg2 Rc7 48. Rg3 Ra7 49. Rf3 a4 50. Bc4 Rb7 51. Rd3 Rc7 52. Bb5 a3 53. Ba4 Rc4 54. Bb3 Rd4 55. Rf3 Kf5 56. Kg3 Kf6 57. Kg2 Rd2 58. Kg3 g5 59. fxg5+ Kxg5 60. Rxf7 h4+ 61. Kg2 Rd4 62. Rf3 Rg4+ 63. Kf1 e5 64. Rh3 e4 65. Ke2 Bd4 66. Re3 Bxe3 67. Kxe3 h3 68. Ke2 h2 69. Bd5 h1Q 70. Be6 Rf4 71. Bc4 Qf3+ 72. Ke1 Qxf2+ 73. Kd1 Rf3 74. Kc1 Rc3+ 0-1

[Event "Amazons Pride Blitz"]
[Site "Chess.com INT"]
[Date "2021.10.23"]
[Round "1"]
[White "Kilibarda Acebey, Veroska Isabela"]
[Black "Shafigullina, Zarina"]
[Result "0-1"]
[WhiteElo "1250"]
[BlackElo "2204"]
[PlyCount "44"]
[EventDate "2021.10.23"]
[EventType "swiss (blitz)"]
[EventRounds "9"]
[EventCountry "USA"]
[SourceTitle "CBM 204 Extra"]
[Source "ChessBase"]
[SourceDate "2021.11.30"]
[SourceVersion "1"]
[SourceVersionDate "2021.11.30"]
[SourceQuality "1"]

1. e4 c5 2. Nf3 d6 3. c3 Nf6 4. Be2 Nc6 5. d4 cxd4 6. cxd4 Qa5+ 7. Bd2 Qb6 8. d5 Nd4 9. Nxd4 Qxd4 10. Bb5+ Bd7 11. Bxd7+ Nxd7 12. Qc2 Nc5 13. Nc3 Nd3+ 14. Ke2 Nc5 15. Be3 Qc4+ 16. Kd2 Rc8 17. Rhc1 g6 18. Rab1 Bg7 19. a3 0-0 20. b4 Bxc3+ 21. Qxc3 Nxe4+ 22. Ke1 Nxc3 0-1

[Event "Amazons Pride Blitz"]
[Site "Chess.com INT"]
[Date "2021.10.23"]
[Round "7"]
[White "Varney, Zoe"]
[Black "Kilibarda Acebey, Veroska Isabela"]
[Result "0-1"]
[WhiteElo "1937"]
[BlackElo "1250"]
[PlyCount "96"]
[EventDate "2021.10.23"]
[EventType "swiss (blitz)"]
[EventRounds "9"]
[EventCountry "USA"]
[SourceTitle "CBM 204 Extra"]
[Source "ChessBase"]
[SourceDate "2021.11.30"]
[SourceVersion "1"]
[SourceVersionDate "2021.11.30"]
[SourceQuality "1"]

1. e4 c5 2. Nf3 Nc6 3. d4 cxd4 4. Nxd4 g6 5. Nc3 Bg7 6. Be3 Nf6 7. Qd2 0-0 8. 0-0-0 d5 9. exd5 Nxd5 10. Nxc6 bxc6 11. Nxd5 cxd5 12. Qxd5 Be6 13. Qxd8 Rfxd8 14. Rxd8+ Rxd8 15. a3 Rb8 16. b3 Rc8 17. Kb1 Rc7 18. Bd3 Rd7 19. Ka2 Bd5 20. f3 f5 21. h4 e5 22. h5 e4 23. fxe4 Bxe4 24. Bxe4 fxe4 25. hxg6 hxg6 26. Re1 Rc7 27. Kb1 a6 28. b4 Rc3 29. Bc1 Rc4 30. Bb2 Bh6 31. Be5 Kf7 32. Kb2 Ke6 33. Kb3 Kd5 34. Bb2 Rc8 35. Rd1+ Ke6 36. c4 e3 37. Re1 Kf5 38. c5 Ke4 39. Kc2 Bf4 40. Kd1 Rd8+ 41. Kc2 Rd2+ 42. Kc3 Be5+ 43. Kc4 Bxb2 44. Kb3 Be5 45. Kc4 e2 46. Kb3 Ke3 47. c6 Rd1 48. Rxe2+ Kxe2 0-1

[Event "Online Olym Div2 E"]
[Site "Chess.com INT"]
[Date "2021.09.02"]
[Round "3.3"]
[White "Miranda Llanes, Yerisbel"]
[Black "Kilibarda Acebey, Veroska Isabela"]
[Result "1-0"]
[WhiteElo "2259"]
[BlackElo "1276"]
[PlyCount "81"]
[EventDate "2021.09.02"]
[EventType "team (rapid)"]
[EventRounds "9"]
[EventCountry "USA"]
[SourceTitle "CBM 204 Extra"]
[Source "ChessBase"]
[SourceDate "2021.11.30"]
[SourceVersion "1"]
[SourceVersionDate "2021.11.30"]
[SourceQuality "1"]
[WhiteTeam "Cuba"]
[BlackTeam "Bolivia"]
[WhiteTeamCountry "CUB"]
[BlackTeamCountry "BOL"]

1. d4 Nf6 2. c4 c5 3. d5 b5 4. cxb5 a6 5. bxa6 Bxa6 6. Nc3 d6 7. e4 Bxf1 8. Kxf1 g6 9. g3 Bg7 10. Kg2 0-0 11. Nf3 Nbd7 12. a4 Ne8 13. Qc2 Nc7 14. Nd2 Na6 15. Nc4 Nb4 16. Qe2 Nb6 17. Bg5 Re8 18. Rhc1 Nxc4 19. Qxc4 Qa5 20. Rab1 h6 21. Bd2 Reb8 22. b3 Na2 23. Rc2 Nb4 24. Nb5 Rc8 25. Rbc1 Rd8 26. Bxb4 cxb4 27. Qc7 Qxc7 28. Rxc7 Bf6 29. R1c4 Kf8 30. Rxb4 Rdc8 31. Rbc4 Rxc7 32. Rxc7 Bb2 33. Kf3 Ke8 34. Ke3 Kd8 35. Kd3 Rb8 36. Rc2 Ba1 37. b4 Ra8 38. a5 Rb8 39. Na7 Rxb4 40. Nc6+ Kd7 41. Nxb4 1-0